[Event "AUT-ch U16 Girls"]
[Site "St Veit"]
[Date "2018.03.25"]
[Round "1"]
[White "Moerwald, Miriam"]
[Black "Lauda, Victoria"]
[Result "0-1"]
[WhiteElo "1714"]
[BlackElo "1421"]
[PlyCount "56"]
[EventDate "2018.03.25"]
[EventType "swiss"]
[EventRounds "7"]
[EventCountry "AUT"]
[SourceTitle "EXT 2019"]
[Source "ChessBase"]
[SourceDate "2018.10.10"]
[SourceVersion "1"]
[SourceVersionDate "2018.10.10"]
[SourceQuality "1"]

1. d4 d5 2. Bf4 Nf6 3. Nf3 Nc6 4. e3 Bg4 5. Bb5 a6 6. Ba4 b5 7. Bb3 e6 8. c3 Be7 9. 0-0 0-0 10. Qe2 Ne4 11. Rd1 Bg5 12. Nbd2 Bxf4 13. exf4 Nxd2 14. Rxd2 Ne7 15. Qd3 Bxf3 16. Qxf3 Nf5 17. Bc2 Re8 18. Qh3 Qc8 19. Re2 h6 20. Bxf5 exf5 21. Rxe8+ Qxe8 22. Qxf5 Qe6 23. Qc2 Qe4 24. Qd2 Re8 25. Kf1 c6 26. a4 Kf8 27. axb5 axb5 28. Ra6 Qb1+ 0-1

[Event "Wch U16 Girls"]
[Site "Montevideo"]
[Date "2017.09.25"]
[Round "10"]
[White "Lauda, Victoria"]
[Black "Belmonte, Dulce"]
[Result "0-1"]
[WhiteElo "1522"]
[BlackElo "1562"]
[PlyCount "42"]
[EventDate "2017.09.17"]
[EventType "swiss"]
[EventRounds "11"]
[EventCountry "URU"]
[SourceTitle "EXT 2018"]
[Source "ChessBase"]
[SourceDate "2017.10.13"]
[SourceVersion "1"]
[SourceVersionDate "2017.10.13"]
[SourceQuality "1"]

1. e4 e6 2. d4 d5 3. e5 c5 4. c3 Qb6 5. Nf3 Nc6 6. a3 c4 7. Be2 Bd7 8. Nbd2 Na5 9. 0-0 Ne7 10. Rb1 Nf5 11. g4 Nh6 12. h3 Be7 13. b4 Nc6 14. Qe1 Qc7 15. Nh2 f5 16. exf6 gxf6 17. Ndf3 Nf7 18. Kh1 h5 19. gxh5 Rxh5 20. Ne5 Rxh3 21. Nxd7 Qxh2# 0-1

[Event "Wch U16 Girls"]
[Site "Montevideo"]
[Date "2017.09.24"]
[Round "9"]
[White "Malan, Lucia"]
[Black "Lauda, Victoria"]
[Result "1/2-1/2"]
[WhiteElo "1774"]
[BlackElo "1522"]
[PlyCount "76"]
[EventDate "2017.09.17"]
[EventType "swiss"]
[EventRounds "11"]
[EventCountry "URU"]
[SourceTitle "CBM 180 Extra"]
[Source "ChessBase"]
[SourceDate "2017.10.06"]
[SourceVersion "1"]
[SourceVersionDate "2017.10.06"]
[SourceQuality "1"]

1. e4 e5 2. Nf3 Nc6 3. Bb5 a6 4. Ba4 Nf6 5. 0-0 Nxe4 6. Re1 Nc5 7. Bxc6 dxc6 8. Nxe5 Be6 9. d4 Nd7 10. Bf4 Bd6 11. Nc3 Nf6 12. Ne4 0-0 13. Nxd6 cxd6 14. Nd3 Rc8 15. b3 c5 16. dxc5 dxc5 17. c4 Bf5 18. Ne5 Qxd1 19. Raxd1 Rcd8 20. Be3 Rxd1 21. Rxd1 Re8 22. Bxc5 Nd7 23. Nxd7 Bxd7 24. Be3 Bc6 25. Kf1 g6 26. Bd4 Rd8 27. Rd2 Rd7 28. g3 h5 29. Bc3 Rxd2 30. Bxd2 Be4 31. c5 Bb1 32. a3 Ba2 33. b4 Bd5 34. Ke2 Kf8 35. Ke3 Ke7 36. Kd4 Ke6 37. h3 Bg2 38. h4 Bc6 1/2-1/2

[Event "AUT-ch U14 Girls"]
[Site "St Veit"]
[Date "2016.05.16"]
[Round "5"]
[White "Nussbaumer, Alexa"]
[Black "Lauda, Victoria"]
[Result "1-0"]
[WhiteElo "1297"]
[BlackElo "1075"]
[PlyCount "119"]
[EventDate "2016.05.14"]
[EventType "swiss"]
[EventRounds "7"]
[EventCountry "AUT"]
[SourceTitle "CBM 172 Extra"]
[Source "ChessBase"]
[SourceDate "2016.06.21"]
[SourceVersion "1"]
[SourceVersionDate "2016.06.21"]
[SourceQuality "1"]

1. e4 c5 2. Nf3 Nc6 3. d4 cxd4 4. Nxd4 e5 5. Nxc6 bxc6 6. Nc3 Nf6 7. a3 Bb7 8. Bg5 Be7 9. Bxf6 Bxf6 10. Bc4 0-0 11. 0-0 Rb8 12. Re1 Re8 13. Qd3 d6 14. Rad1 Be7 15. Qf3 Bf6 16. Rd2 Qe7 17. Red1 Rbd8 18. Rd3 a6 19. Qe3 Qc7 20. f4 exf4 21. Qxf4 Be5 22. Qh4 Bf6 23. Qh5 Bxc3 24. bxc3 Rxe4 25. Rxd6 Rxd6 26. Rxd6 Rxc4 27. Qe5 Qc8 28. Qe7 g6 29. Rd8+ Kg7 30. Rxc8 Bxc8 31. Qe5+ Kh6 32. Qe2 Be6 33. g3 Kg7 34. Qe5+ Kh6 35. Kf2 Bd5 36. h3 Re4 37. Qb8 Kg7 38. g4 a5 39. Qb2 Kh6 40. Qc1+ Kg7 41. g5 Kf8 42. Qb2 Ke7 43. Qb7+ Ke6 44. Qc8+ Ke7 45. Qc7+ Ke6 46. Qxa5 Kf5 47. a4 Kxg5 48. Qd8+ Kh5 49. a5 Re5 50. h4 c5 51. a6 Bc6 52. a7 Rf5+ 53. Kg1 Rd5 54. a8Q Bxa8 55. Qxa8 Rd1+ 56. Kf2 Kxh4 57. Qe4+ Kg5 58. Qe3+ Kf6 59. Qf3+ Kg7 60. Qxd1 1-0

[Event "AUT-ch U14 Girls"]
[Site "Woerth"]
[Date "2015.05.25"]
[Round "5.5"]
[White "Amlacher, Janine"]
[Black "Lauda, Victoria"]
[Result "1-0"]
[WhiteElo "1065"]
[BlackElo "1025"]
[PlyCount "89"]
[EventDate "2015.05.23"]
[EventType "swiss"]
[EventRounds "7"]
[EventCountry "AUT"]
[SourceTitle "EXT 2024"]
[Source "ChessBase"]
[SourceDate "2023.10.10"]
[SourceVersion "1"]
[SourceVersionDate "2023.10.10"]
[SourceQuality "1"]

1. e4 e5 2. Bc4 Nf6 3. Nc3 Nc6 4. Nf3 Bc5 5. d3 d6 6. 0-0 Bg4 7. h3 Bxf3 8. Qxf3 Nd4 9. Qd1 0-0 10. Be3 c6 11. Ne2 Nxe2+ 12. Qxe2 Bxe3 13. fxe3 d5 14. exd5 cxd5 15. Bb3 e4 16. Rac1 Rc8 17. a3 b5 18. dxe4 Nxe4 19. Qxb5 Nd2 20. Rfd1 Nxb3 21. Qxb3 Rc5 22. e4 h6 23. exd5 Rxd5 24. Rxd5 Qe7 25. Rcd1 a6 26. Qf3 Qa7+ 27. Qf2 Qe7 28. Re1 Qb7 29. Qd4 Qc7 30. c4 a5 31. b4 axb4 32. axb4 Qb8 33. b5 Qc7 34. Rc5 Qa5 35. Rb1 Qa8 36. b6 Qb8 37. b7 Re8 38. Qd7 Rf8 39. Rc8 Rxc8 40. bxc8Q+ Qxc8 41. Qxc8+ Kh7 42. Rb8 f6 43. Qf5+ g6 44. Qxf6 h5 45. Rh8# 1-0

[Event "AUT-ch U12 Girls"]
[Site "Linz"]
[Date "2013.05.21"]
[Round "7"]
[White "Lauda, Victoria"]
[Black "Enache, Iris"]
[Result "0-1"]
[WhiteElo "923"]
[BlackElo "1230"]
[PlyCount "36"]
[EventDate "2013.05.18"]
[EventType "swiss"]
[EventRounds "7"]
[EventCountry "AUT"]
[SourceTitle "EXT 2015"]
[Source "ChessBase"]
[SourceDate "2014.11.20"]
[SourceVersion "1"]
[SourceVersionDate "2014.11.20"]
[SourceQuality "1"]

1. e4 d6 2. d4 Nf6 3. Nc3 Nbd7 4. Nf3 e5 5. d5 Be7 6. Bb5 0-0 7. Bg5 a6 8. Bd3 b5 9. a3 Bb7 10. 0-0 Nxd5 11. exd5 Bxg5 12. Nxg5 Qxg5 13. Be4 Nf6 14. Bf3 e4 15. Be2 Nxd5 16. Nxd5 Bxd5 17. b3 e3 18. c4 Qxg2# 0-1

[Event "AUT-ch U10 Girls"]
[Site "Schladming"]
[Date "2012.06.09"]
[Round "6.5"]
[White "Lauda, Victoria"]
[Black "Manukjan, Silvie"]
[Result "1-0"]
[WhiteElo "800"]
[BlackElo "1007"]
[PlyCount "91"]
[EventDate "2012.06.08"]
[EventType "swiss"]
[EventRounds "7"]
[EventCountry "AUT"]
[SourceTitle "EXT 2024"]
[Source "ChessBase"]
[SourceDate "2023.10.10"]
[SourceVersion "1"]
[SourceVersionDate "2023.10.10"]
[SourceQuality "1"]

1. e4 e5 2. Nf3 Nc6 3. Nc3 Nf6 4. Bb5 a6 5. Bxc6 bxc6 6. Nxe5 Qe7 7. 0-0 Qxe5 8. d4 Qe6 9. d5 cxd5 10. exd5 Bd6 11. Re1 Be5 12. dxe6 dxe6 13. Rxe5 0-0 14. Bg5 Nd7 15. Re3 Rb8 16. b3 Bb7 17. Be7 Rfe8 18. Bb4 Bc6 19. Ba5 Nf6 20. Bxc7 Rbc8 21. Be5 Bd5 22. Nxd5 Nxd5 23. Re1 Nb4 24. Qg4 f6 25. Bg3 Nxc2 26. Rec1 Nxa1 27. Rxa1 e5 28. a4 Rc7 29. b4 Rec8 30. h3 g6 31. Bh4 f5 32. Qg5 Rc4 33. Bg3 f4 34. Bh4 Rxb4 35. Qxe5 Rcb8 36. Qe6+ Kf8 37. Be7+ Ke8 38. Bd6+ Kd8 39. Bxb4 Rxb4 40. Qd6+ Kc8 41. Qxb4 Kc7 42. Rc1+ Kd8 43. Qd4+ Ke7 44. Qb6 Kd7 45. Rc7+ Ke8 46. Qb8# 1-0

[Event "AUT-ch U10 Girls"]
[Site "Schladming"]
[Date "2012.06.08"]
[Round "1.5"]
[White "Nussbaumer, Alexa"]
[Black "Lauda, Victoria"]
[Result "1-0"]
[WhiteElo "1311"]
[BlackElo "800"]
[PlyCount "61"]
[EventDate "2012.06.08"]
[EventType "swiss"]
[EventRounds "7"]
[EventCountry "AUT"]
[SourceTitle "EXT 2024"]
[Source "ChessBase"]
[SourceDate "2023.10.10"]
[SourceVersion "1"]
[SourceVersionDate "2023.10.10"]
[SourceQuality "1"]

1. d4 d5 2. Nc3 Nf6 3. Bf4 Nc6 4. Nb5 a6 5. Nxc7+ Kd7 6. Nxa8 Nh5 7. e3 e6 8. Qxh5 Bb4+ 9. c3 Ba5 10. Qxf7+ Qe7 11. Qh5 g6 12. Qh3 h5 13. g3 g5 14. Be5 Nxe5 15. dxe5 b6 16. Ke2 Bb7 17. Nxb6+ Bxb6 18. c4 Ba5 19. Rd1 h4 20. Nf3 hxg3 21. Qxg3 Rg8 22. Nd4 dxc4 23. Nf5+ Ke8 24. Nxe7 Kxe7 25. h4 Bxh1 26. f3 Rf8 27. Qxg5+ Ke8 28. Qg6+ Ke7 29. Rd6 Bxf3+ 30. Kf2 c3 31. Qxe6# 1-0